EUA ou Reino Unido? - Música - Statistics

Estatísticas Gerais
  • Esse quiz foi jogado 1 139 vezes
  • A pontuação média é 12 de 15
Estatísticas das Respostas
Questão Resposta % Correto
The Beatles
95%
Bruno Mars
95%
Guns N' Roses
88%
Nirvana
88%
Adele
88%
Rolling Stones
86%
Pharrell Williams
84%
Red Hot Chili Peppers
83%
One Direction
74%
Kiss
72%
Zayn
72%
Aerosmith
69%
Dua Lipa
63%
Led Zeppelin
55%
Calvin Harris
47%
Nenhum quiz correspondente encontrado
Distribuição das Pontuações
Porcentagem de Pessoas com Cada Pontuação
Percentil de Números Respondidos
Sua Pontuação Histórica
Você não jogou esse quiz